Statistiken für Hannover 96 - Torschützen 2009/10

Klicken Sie hier um das Quiz zu spielen!

Allgemein

  • Dieses Quiz wurde 37 mal gespielt
  • Das Durchschnittsergebnis liegt bei 7 aus 15

Antwortstatistiken

ToreSpieler% Korrekt
9Didier Ya Konan
94%
2Mike Hanke
67%
2Jan Schlaudraff
58%
1Steven Cherundolo
55%
3Arnold Bruggink
52%
6Jiří Štajner
52%
2Christian Schulz
45%
4Sérgio da Silva Pinto
45%
2Hanno Balitsch
42%
2Karim Haggui
39%
2Arouna Koné
33%
1Jan Rosenthal
33%
1Leon Andreasen
24%
2Sofian Chahed
21%
1Élson
18%

Verteilung der Resultate

Perzentil nach korrekt beantworteten Fragen

Anzahl Personen mit jedem Resultat

Ihre Resultats-Entwicklung

Sie haben dieses Quiz noch nicht gespielt